Estatísticas para Os 15 principais países afetados pela Covid-19 - 21 de junho

Clique aqui para jogar o quiz

Estatísticas Gerais

  • Esse quiz foi jogado 3 vezes
  • A pontuação média é 17 de 27

Estatísticas das Respostas

país% Correto
Brasil
100%
Chile
100%
Chile
100%
Estados Unidos
100%
França
100%
Índia
100%
Itália
100%
Peru
100%
Alemanha
67%
Catar
67%
Espanha
67%
Irão
67%
México
67%
Reino Unido
67%
Rússia
67%
Suécia
67%
Armênia
33%
Bahrein
33%
Bélgica
33%
Bielorrússia
33%
Irlanda
33%
Kuweit
33%
Omã
33%
Panamá
33%
Paquistão
33%
Singapura
33%
Turquia
33%

Distribuição das Pontuações

Percentil de Números Respondidos

Porcentagem de Pessoas com Cada Pontuação

Sua Pontuação Histórica

Você não jogou esse quiz